00470nam a2200145Ia 4500008004100000020001800041082001800059100001800077245003700095260004600132300000900178942001200187999001900199952010600218210430s9999 xx 000 0 und d a9788185015897 a539.7 K 171 N aIrving Kaplan aNuclear Physics /cIrving Kaplan aIslamabadbNational Book Foundationc2000 a770p cBK2ddc c561728d561728 001040708NFICaSCMEbSCMEcGENd0000-00-00l0o539.7 K 171 NpSCME-563r2021-04-30w2021-04-30yBK